000 00302nam a22001337a 4500
008 170831b xxu||||| |||| 00| 0 eng d
020 _a9781412974417
041 _aeng
080 _23RD
_a070
100 _a40
101 _aMED
245 _aGENDER,RACE AND CLASS IN MEDIA
_cDINES,G
942 _2udc
_cBK
999 _c25828
_d25828